Responses for Show #7915 - Friday, January 25, 2019

Contestants

[<< previous game]

Steven Oppenheim, a supply chain analyst from Shaker Heights, Ohio

Christopher Records, a nonprofit consultant from Los Angeles, California

Aaron Lichtig, a growth marketer from Silver Spring, Maryland (whose 1-day cash winnings total $14,401)

[next game >>]

Jeopardy! Round responses

"S"PORTS
BRIT SPEAK
THE HODGEST OF PODGE
PEST CONTROL
POETRY IN MOTION
LYING IN STATES
(Alex: You have to identify the states in which of these people lies at rest.)
    $200 1
sacks

Aaron
    $200 29
an elevator

Steve-O
    $200 19
the Census Bureau

Aaron
    $200 30
crabgrass

Steve-O
    $200 17
"Charge of the Light Brigade"

Aaron
    $200 28
(Christopher: What is Tennessee?)

Michigan

AaronChristopher
    $400 2
strikes

Christopher
    $400 24
a nappy

Christopher
    $400 23
Maori

Aaron
    $400 27
carbon dioxide

Triple Stumper
    $400 12
May

Aaron
    $400 16
Virginia

Aaron
    $600 6
a slap shot

Steve-O
    $600 3
advice columnist

Aaron
    $600 22
the Boston Marathon

Aaron
    $600 18
Wimbledon

Steve-O
    $600 7
rise

Christopher
    $1,000 10
Illinois

Aaron
    $800 4
the skyhook

Steve-O
    $800 14
a solicitor

Christopher
    $800 20
California

Steve-O
    $800 25
cockroaches

Triple Stumper
    $800 8
(Paul) Revere

Christopher
    $800 11
(Aaron: What is New York?)
...
(Alex: He's from Pittsburgh.)

Pennsylvania

AaronSteve-O
    $1000 5
a salchow

Steve-O
    $1000 15
suspenders

Christopher
    $1000 21
(Alex: It's now for men.)

Morehouse College

Triple Stumper
    $1000 26
malaria

Aaron
    $1000 9
(Robert) Frost

Aaron
    $1000 13
Massachusetts

Aaron

Scores at the first commercial break (after clue 16):

Aaron Christopher Steve-O
$3,800 $3,600 $3,200

Scores at the end of the Jeopardy! Round:

Aaron Christopher Steve-O
$6,400 $3,800 $5,000

Double Jeopardy! Round responses

REFERENCE GOES DIGITAL
POP CULTURE PORTMANTEAUS
RUSSIAN BODIES OF WATER
A BOWL OF "SUP"
EYE EXAM
BETTER 1, BETTER 2?
    $400 14
Pikachu

Steve-O
    $400 28
the Black Sea

Christopher
    $400 9
the Super Bowl

Steve-O
    $400 15
an opthalmologist

Aaron
    $400 29
(Steve-O: What's Antarctica?)
(Christopher: What is Everest?)

the South Pole

AaronChristopherSteve-O
    $800 20
the Catholic church

Aaron
    $800 13
(Christopher: What is monster?)

marionette

Christopher
Triple Stumper
    $800 1
Lake Baikal

Aaron
    $800 3
supine

Steve-O
    $5,000 16
red and green

Aaron
    $800 24
(Alex: With less than a minute.)

Jerusalem

Aaron
    $1200 21
physician's

Steve-O
    $3,000 10
Funkadelic

Steve-O
    $1200 2
the Urals

Steve-O
    $1200 4
(Christopher: What is "Superstitious"?)

"Superstition"

ChristopherSteve-O
    $1200 17
myopia

Steve-O
    $1200 27
Dartmouth

Christopher
    $1600 22
the laws

Triple Stumper
    $1600 11
Zootopia

Steve-O
    $1600 7
the Gulf of Finland

Christopher
    $1600 5
the Supra

Steve-O
    $1600 18
the lens

Triple Stumper
    $1600 25
the Vatican Council

Steve-O
    $2000 23
(Christopher: What is the Encyclopedia Britannica?)

World Book

Christopher
Triple Stumper
    $2000 12
Sharknado

Steve-O
    $2000 8
Sakhalin

Christopher
    $2000 6
The Bourne Supremacy

Christopher
    $2000 19
astigmatism

Aaron
    $2000 26
Ludwig

Steve-O

Scores at the end of the Double Jeopardy! Round:

Aaron Christopher Steve-O
$16,600 $6,600 $22,800

[wagering suggestions for these scores]

Final Jeopardy! Round responses

LAW ENFORCEMENT HISTORY
ChristopherWhat are the U.S. Marshalls
$6,600
AaronWhat is Buffalo Sod
$3,300
Steve-OWhat is the Texas Rangers?
$10,401
the Texas Rangers

Final scores:

Aaron Christopher Steve-O
$13,300 $0 $33,201
2nd place: $2,000 3rd place: $1,000 New champion: $33,201

Game dynamics:

Coryat scores:

Aaron Christopher Steve-O
$12,000 $6,600 $21,000
20 R
(including 2 DDs),
1 W
11 R,
5 W
21 R
(including 1 DD),
1 W

Combined Coryat: $39,600

[game clues] [game scores] [suggest correction]

Game tape date: 2018-11-28
The J! Archive is created by fans, for fans. Scraping, republication, monetization, and malicious use prohibited; this site may use cookies and collect identifying information. See terms. The Jeopardy! game show and all elements thereof, including but not limited to copyright and trademark thereto, are the property of Jeopardy Productions, Inc. and are protected under law. This website is not affiliated with, sponsored by, or operated by Jeopardy Productions, Inc. Join the discussion at JBoard.tv.